<?xml version="1.0" encoding="UTF-8"?>
<record
    xmlns:xsi="http://www.w3.org/2001/XMLSchema-instance"
    xsi:schemaLocation="http://www.loc.gov/MARC21/slim http://www.loc.gov/standards/marcxml/schema/MARC21slim.xsd"
    xmlns="http://www.loc.gov/MARC21/slim">

  <leader>02335    a2200253   4500</leader>
  <controlfield tag="001">47232</controlfield>
  <controlfield tag="005">20260407155740.0</controlfield>
  <controlfield tag="008">260407a2018    arg                 spa d</controlfield>
  <controlfield tag="003">AR-UNSa-BCEJYS</controlfield>
  <datafield tag="040" ind1=" " ind2=" ">
    <subfield code="a">AR-UNSa-BCEJYS</subfield>
    <subfield code="b">spa</subfield>
    <subfield code="c">AR-UNSa-BCEJYS</subfield>
  </datafield>
  <datafield tag="080" ind1=" " ind2=" ">
    <subfield code="a">336.02</subfield>
    <subfield code="x">Pol&#xED;tica financiera. Pol&#xED;tica fiscal</subfield>
  </datafield>
  <datafield tag="245" ind1="1" ind2="0">
    <subfield code="a">Estudios sobre financierizaci&#xF3;n en Am&#xE9;rica Latina</subfield>
  </datafield>
  <datafield tag="020" ind1=" " ind2=" ">
    <subfield code="a">978-92-1-121981-4</subfield>
  </datafield>
  <datafield tag="264" ind1=" " ind2="1">
    <subfield code="a">Santiago de Chile :</subfield>
    <subfield code="b">CEPAL (Comisi&#xF3;n Econ&#xF3;mica para Am&#xE9;rica Latina y el Caribe)</subfield>
    <subfield code="c">2018</subfield>
  </datafield>
  <datafield tag="300" ind1=" " ind2=" ">
    <subfield code="a">355 p.</subfield>
    <subfield code="c">22 cm.</subfield>
  </datafield>
  <datafield tag="505" ind1=" " ind2=" ">
    <subfield code="a">1. Financierizaci&#xF3;n en Am&#xE9;rica Latina: implicancias de la integraci&#xF3;n financiera subordinada / Annina Kaltenbrunner; Juan Pablo Painceira - 2. &#xBF;Existe un r&#xE9;gimen de acumulaci&#xF3;n financierizado en Am&#xE9;rica Latina? Un An&#xE1;lisis desde la escuela de la regulaci&#xF3;n / Egidio Luis Miotti - 3. Efectos de la financierizaci&#xF3;n en el cambio tecnol&#xF3;gico en Am&#xE9;rica Latina / Pablo Ignacio Chena; Mar&#xED;a Emilia Buccella; Carolina Bosnic - 4. Impacto de la pol&#xED;tica de flexibilizaci&#xF3;n cuantitativa en la liquidez mundial y la estabilidad financiera / Esteban P&#xE9;rez Caldentey - 5. Las finanzas, el comercio y la distribuci&#xF3;n del ingreso en las cadenas globales de valor: implicancias para las econom&#xED;as en desarrollo y Am&#xE9;rica Latina / Carlos Aguiar de Medeiros; Nicholas Trebat - 6. Patrones financieros y de inversi&#xF3;n en Am&#xE9;rica Latina desde la perspectiva del comportamiento empresarial / Edgardo Torija Zane; Ricardo Gottschalk - 7. El papel de la financierizaci&#xF3;n en la din&#xE1;mica de los precios de los productos b&#xE1;sicos / Jorge Carrera - 8. La inversi&#xF3;n extranjera directa en Am&#xE9;rica Latina: algunas implicancias macrofinancieras / Mart&#xED;n Abeles; Facundo Grimberg; Sebasti&#xE1;n Valdecantos - 9. Flujos de capital y endeudamiento externo: algunas reflexiones para Am&#xE9;rica Latina / Pablo G. Bortz - 10. Regulaci&#xF3;n de la cuenta de capital en una mundo financieramente complejo: la experiencia reciente en Am&#xE9;rica Latina / Diego Bastourre; Nicol&#xE1;s Hern&#xE1;n Zeolla. </subfield>
  </datafield>
  <datafield tag="041" ind1=" " ind2=" ">
    <subfield code="a">spa</subfield>
  </datafield>
  <datafield tag="942" ind1=" " ind2=" ">
    <subfield code="c">BK</subfield>
  </datafield>
  <datafield tag="590" ind1=" " ind2=" ">
    <subfield code="a">niveau_biblio:m niveau_hierar:0</subfield>
  </datafield>
  <datafield tag="100" ind1="1" ind2=" ">
    <subfield code="a">P&#xE9;rez Caldentey, Esteban</subfield>
  </datafield>
  <datafield tag="700" ind1="1" ind2=" ">
    <subfield code="a">Abeles, Mart&#xED;n</subfield>
  </datafield>
  <datafield tag="700" ind1="1" ind2=" ">
    <subfield code="a">Valdecantos, Sebasti&#xE1;n</subfield>
  </datafield>
  <datafield tag="856" ind1="4" ind2="1">
    <subfield code="u">https://www.biblioeco.unsa.edu.ar/pmb/images/libros/L127440.jpg</subfield>
    <subfield code="y">Imagen de portada</subfield>
    <subfield code="q">image/jpeg</subfield>
  </datafield>
  <datafield tag="999" ind1=" " ind2=" ">
    <subfield code="c">4323</subfield>
    <subfield code="d">4323</subfield>
  </datafield>
  <datafield tag="952" ind1=" " ind2=" ">
    <subfield code="0">0</subfield>
    <subfield code="1">0</subfield>
    <subfield code="4">0</subfield>
    <subfield code="7">0</subfield>
    <subfield code="a">BCEJYS</subfield>
    <subfield code="b">BCEJYS</subfield>
    <subfield code="c">16</subfield>
    <subfield code="d">2026-04-07</subfield>
    <subfield code="l">0</subfield>
    <subfield code="o">336.02 A139</subfield>
    <subfield code="p">L127440</subfield>
    <subfield code="r">2026-04-07 15:57:40</subfield>
    <subfield code="w">2026-04-07</subfield>
    <subfield code="y">L</subfield>
  </datafield>
</record>
